000 00812cam a2200253 4500
001
008 000000n2001 000 0 eng u
020 _a0727729403
035 _a(Sirsi) u112789
050 _a624.08
110 _aInstitution of Civil Engineers
_91402
245 _aICE conditions of contract for minor works.
250 _a3rd ed.
260 _aLondon
_bThomas Telford
_c2001
300 _avi,20p. ; 30cm.
350 _a12.50
520 _a8p. Guidance Notes in pocket inside back cover.
650 _aENGINEERING CONTRACTS
650 _aICE CONDITIONS OF CONTRACT FOR MINOR WORKS
690 _aBUILDING AND CONSTRUCTION-CONTRACTS-OTHER CONTRACTS
710 _aAssociation of Consulting Engineers
_91225
710 _aCivil Engineering Contractors Association
_93765
942 _n0
999 _c101475
_d101475